(101) One hundred one great leaders of the world / (Record no. 150321)

MARC details
000 -LEADER
fixed length control field 00845nam a2200229 4500
005 - DATE AND TIME OF LATEST TRANSACTION
control field 20180310123342.0
010 ## - LCCN (DPL NO)
LC control number B-667809
020 ## - INTERNATIONAL STANDARD BOOK NUMBER
International Standard Book Number 9788131314036
Terms of availability 350.00
035 ## - SYSTEM CONTROL NUMBER
System control number B-667809
037 ## - SOURCE OF ACQUISITION
Source of stock number/acquisition Prabhat Prakashan/Ven
Stock number dpl
082 ## - DEWEY DECIMAL CLASSIFICATION NUMBER
Classification number 909.820922
100 ## - MAIN ENTRY--PERSONAL NAME
Personal name Srivastava, Kamal S.
245 ## - TITLE STATEMENT
Title (101) One hundred one great leaders of the world /
Statement of responsibility, etc by Kamal S.Srivastava [and] Sangeeta Srivastava
246 ## - VARYING FORM OF TITLE
Title proper/short title One hundred one great leaders of the world
260 ## - PUBLICATION, DISTRIBUTION, ETC. (IMPRINT)
Place of publication, distribution, etc New Delhi
Name of publisher, distributor, etc APH Publishing
Date of publication, distribution, etc 2017
270 ## - ADDRESS
Address 4435-36/7,Ansari Road,Darya Ganj
City New Delhi
Postal code 110002
300 ## - PHYSICAL DESCRIPTION
Extent x,339p.
Dimensions 22cm(pbk)
500 ## - GENERAL NOTE
General note Includes index
700 ## - ADDED ENTRY--PERSONAL NAME
Personal name Srivastava,Sangeeta
942 ## - ADDED ENTRY ELEMENTS (KOHA)
Source of classification or shelving scheme Dewey Decimal Classification
Item type English Books
Call number suffix SRI
Classification part 909.820922
Holdings
Withdrawn status Lost status Not for loan Collection code Home library Current library Date acquired Source of acquisition Cost, normal purchase price Full call number Barcode Copy number Cost, replacement price Koha item type
      Non-fiction Ashok Vihar Ashok Vihar 10/03/2018 Prabhat /2720/03.03.2017/428/15.02.2017/18.03.2017 350.00 909.820922 SRI B-667809 1 350.00 English Books

© Delhi Public Library
Hit Counter
free hit counter